000 00900cab a2200277 4500
001 ABS55295
008 090401t1996 xxu||||| |||| 00| 0 eng d
035 _a(Sirsi) u15533
041 _aeng
245 _aFacts on electric and magnetic fields
260 _c1996
350 _a0
490 _aFacilities Management
_v3(5) June 1996, 24(1)
520 _aFollowing the publication by the Electricity Association of two guidance leaflets on electric and magnetic fields, this article lays down the facts and assesses the health risks involved.
650 _aCANCER
650 _aELECTRIC AND MAGNETIC FIELDS
650 _aELECTRICITY ASSOCIATION
650 _aELECTROMAGNETIC FIELDS
650 _aEMF
650 _aHEALTH AND SAFETY
_96244
650 _aHEALTH RISK
690 _aBUILT ENVIRONMENT-BUILDING STANDARDS
690 _aENERGY
_96237
942 _n0
948 _c04/03/1997
999 _c10197
_d10197